Superbiznis iba pre niektorých
Káva ako druhá najviac obchodovaná komodita. Svetoví producenti kávy. Zhodnocovanie kávy. Perspektívy obchodovania s kávou.
Salvato in:
| Autore principale: | |
|---|---|
| Natura: | Capitolo di libro |
| Lingua: | slovacco |
| Soggetti: | |
| Tags: |
Nessun Tag, puoi essere il primo ad aggiungerne!!
|
MARC
| LEADER | 00000naa$a2200000$$$4500 | ||
|---|---|---|---|
| 001 | 0055158 | ||
| 005 | 20231009072100.1 | ||
| 041 | 0 | |a slo | |
| 044 | |a SK | ||
| 245 | 1 | 0 | |a Superbiznis iba pre niektorých |c Adrian Peter Pressburg |
| 520 | |a Káva ako druhá najviac obchodovaná komodita. Svetoví producenti kávy. Zhodnocovanie kávy. Perspektívy obchodovania s kávou. | ||
| 610 | 2 | 0 | |a obchod |
| 610 | 2 | 0 | |a produkcia |
| 610 | 2 | 0 | |a trh |
| 610 | 2 | 0 | |a výrobcovia |
| 610 | 2 | 0 | |a potravinárstvo |
| 610 | 2 | 0 | |a káva |
| 610 | 2 | 0 | |a kaviarne |
| 610 | 2 | 0 | |a ceny |
| 100 | 1 | |a Pressburg, Adrian Peter | |